Diccionario manual griego-español / (Record no. 113492)

MARC details
000 -LEADER
campo de control de longitud fija 00773nam a2200241 i 4500
001 - NÚMERO DE CONTROL
campo de control 113492
003 - IDENTIFICADOR DE NÚMERO DE CONTROL
campo de control ES-MaACL
005 - FECHA Y HORA DE LA ÚLTIMA TRANSACCIÓN
campo de control 20230906185919.0
007 - CAMPO FIJO DE DESCRIPCIÓN FÍSICA--INFORMACIÓN GENERAL
campo de control de longitud fija t|
008 - DATOS DE LONGITUD FIJA--INFORMACIÓN GENERAL
campo de control de longitud fija 061121s1985 sp d |||| | spa d
020 ## - NÚMERO INTERNACIONAL ESTÁNDAR DEL LIBRO
Número Internacional Estándar del Libro 84-7153-192-5
100 1# - ENTRADA PRINCIPAL--NOMBRE DE PERSONA
Nombre de persona Pabón, José Manuel.
9 (RLIN) 88100
245 10 - MENCIÓN DEL TÍTULO
Título Diccionario manual griego-español /
Mención de responsabilidad, etc. por José M. Pabón S. de Urbina ; con un apéndice gramatical por Manuel Fernández Galianao.
250 ## - MENCION DE EDICION
Mención de edición 17ª ed.
260 ## - PUBLICACIÓN, DISTRIBUCIÓN, ETC.
Lugar de publicación, distribución, etc. Barcelona :
Nombre del editor, distribuidor, etc. Biblograf,
Fecha de publicación, distribución, etc. 1985.
300 ## - DESCRIPCIÓN FÍSICA
Extensión XVI, 711 p. ;
Dimensiones 20 cm.
490 1# - MENCIÓN DE SERIE
Mención de serie Vox
650 04 - PUNTO DE ACCESO ADICIONAL DE MATERIA--TÉRMINO DE MATERIA
Término de materia o nombre geográfico como elemento de entrada Lengua griega-
Subdivisión de forma Diccionarios-
Subdivisión general Español.
9 (RLIN) 14242
700 1# - ENTRADA AGREGADA--NOMBRE PERSONAL
Nombre de persona Fernández-Galiano, Manuel (
Fechas asociadas al nombre 1918-1988)
9 (RLIN) 150962
830 0# - PUNTO DE ACCESO ADICIONAL DE SERIE-TÍTULO UNIFORME
Título uniforme Vox
9 (RLIN) 182574
852 ## - LOCALIZACIÓN
Ubicación ES-MaACL
Número de control de estantería L-9302
Holdings
Estatus retirado Estado de pérdida Estado de daño No para préstamo Colección Biblioteca de origen Biblioteca actual Ubicación en estantería Fecha de adquisición Fuente de adquisición Total de préstamos Signatura topográfica completa Código de barras Visto por última vez Precio de reemplazo Tipo de ítem Koha
        Colección de referencia Biblioteca del Ateneo de Madrid Biblioteca del Ateneo de Madrid Depósito 2 17/01/2008     L-9302 1118368 23/02/2023 23/02/2023 Libro impreso